[Event "Merida World Heritage op 2nd"]
[Site "Merida"]
[Date "2022.08.06"]
[Round "8"]
[White "Asensio Miranda, Carlos"]
[Black "Quintero Gemio, Antonio J"]
[Result "0-1"]
[WhiteElo "1532"]
[BlackElo "1703"]
[PlyCount "40"]
[EventDate "2022.08.02"]
[EventType "swiss"]
[EventRounds "9"]
[EventCountry "ESP"]
[SourceTitle "EXT 2023"]
[Source "ChessBase"]
[SourceDate "2022.10.05"]
[SourceVersion "1"]
[SourceVersionDate "2022.10.05"]
[SourceQuality "1"]

1. Nf3 Nf6 2. g3 e6 3. c4 d5 4. Bg2 dxc4 5. Qa4+ Nbd7 6. Qxc4 a6 7. d4 b5 8. Qc2 Bb7 9. 0-0 c5 10. e3 cxd4 11. Nxd4 Bxg2 12. Kxg2 Rc8 13. Qe2 Qb6 14. a3 Bc5 15. Nf3 0-0 16. b4 Be7 17. Bb2 Qb7 18. Nc3 Nb6 19. Rac1 Nc4 20. Kg1 Nxb2 0-1

[Event "Merida World Heritage op 2nd"]
[Site "Merida"]
[Date "2022.08.04"]
[Round "5"]
[White "Quintero Gemio, Antonio J"]
[Black "Artozqui Irurzun, Ernesto"]
[Result "1-0"]
[WhiteElo "1703"]
[BlackElo "1338"]
[PlyCount "52"]
[EventDate "2022.08.02"]
[EventType "swiss"]
[EventRounds "9"]
[EventCountry "ESP"]
[SourceTitle "EXT 2023"]
[Source "ChessBase"]
[SourceDate "2022.10.05"]
[SourceVersion "1"]
[SourceVersionDate "2022.10.05"]
[SourceQuality "1"]

1. d4 Nf6 2. c4 g6 3. Nc3 Bg7 4. e4 d6 5. h3 0-0 6. Be3 Nbd7 7. Bd3 e5 8. d5 c6 9. Qd2 cxd5 10. cxd5 Nc5 11. Bc2 a5 12. Nf3 b6 13. 0-0 Nh5 14. Rad1 f5 15. exf5 Bxf5 16. Bxf5 Rxf5 17. Ng5 Bh6 18. g4 Rxg5 19. Kh2 Nf4 20. f3 Nxh3 21. Kxh3 Qe7 22. Rh1 Rf8 23. Kg3 Kg7 24. Rxh6 Qf6 25. Rf1 Kxh6 26. Bxg5+ Qxg5 1-0

[Event "Merida World Heritage op 2nd"]
[Site "Merida"]
[Date "2022.08.03"]
[Round "3"]
[White "Quintero Gemio, Antonio J"]
[Black "Guerreiro, Jose Velho"]
[Result "0-1"]
[WhiteElo "1703"]
[BlackElo "1533"]
[PlyCount "70"]
[EventDate "2022.08.02"]
[EventType "swiss"]
[EventRounds "9"]
[EventCountry "ESP"]
[SourceTitle "EXT 2023"]
[Source "ChessBase"]
[SourceDate "2022.10.05"]
[SourceVersion "1"]
[SourceVersionDate "2022.10.05"]
[SourceQuality "1"]

1. d4 d5 2. c4 e6 3. Nc3 Nf6 4. cxd5 exd5 5. Bg5 Be7 6. Qc2 Be6 7. e3 c6 8. Bd3 Nbd7 9. h3 h6 10. Bh4 Nh5 11. Bxe7 Qxe7 12. Nge2 Qg5 13. g4 Nhf6 14. 0-0-0 Nb6 15. Nf4 Nfd7 16. Nxe6 fxe6 17. Bg6+ Ke7 18. Kb1 Nc4 19. Bd3 Ndb6 20. Ne2 Rhf8 21. Nf4 Kd7 22. h4 Qf6 23. g5 hxg5 24. hxg5 Qxg5 25. Rdg1 Qf6 26. Rg6 Qe7 27. Rxe6 Qb4 28. Kc1 Rxf4 29. exf4 Kxe6 30. Qe2+ Kf6 31. b3 Re8 32. Qc2 Re1+ 33. Rxe1 Qxe1+ 34. Qd1 Qxd1+ 35. Kxd1 Nb2+ 0-1

[Event "ESP-ch FEDC 29th"]
[Site "San Fernando"]
[Date "2020.11.20"]
[Round "4"]
[White "Quintero Gemio, Antonio J"]
[Black "Solis Sanchez, Manuel"]
[Result "1-0"]
[WhiteElo "1673"]
[BlackElo "1481"]
[PlyCount "47"]
[EventDate "2020.11.17"]
[EventType "swiss"]
[EventRounds "7"]
[EventCountry "ESP"]
[SourceTitle "EXT 2024"]
[Source "ChessBase"]
[SourceDate "2023.10.10"]
[SourceVersion "1"]
[SourceVersionDate "2023.10.10"]
[SourceQuality "1"]

1. d4 e6 2. c4 d5 3. Nc3 Nf6 4. cxd5 exd5 5. Bg5 h6 6. Bh4 Bb4 7. Rc1 0-0 8. Nf3 Qd6 9. e3 Bg4 10. Be2 c6 11. 0-0 Nbd7 12. h3 Bh5 13. a3 Ba5 14. b4 Bd8 15. Bg3 Qe7 16. Ne5 Bxe2 17. Qxe2 Nb6 18. Rb1 Nfd7 19. Nd3 Nc4 20. a4 Nf6 21. Rfe1 Bc7 22. Nf4 Qd7 23. e4 dxe4 24. Qxc4 1-0

[Event "ESP-ch FEDC 29th"]
[Site "San Fernando"]
[Date "2020.11.18"]
[Round "2"]
[White "Vela Ignacio, Jose Manuel"]
[Black "Quintero Gemio, Antonio J"]
[Result "1-0"]
[WhiteElo "2014"]
[BlackElo "1673"]
[PlyCount "82"]
[EventDate "2020.11.17"]
[EventType "swiss"]
[EventRounds "7"]
[EventCountry "ESP"]
[SourceTitle "EXT 2024"]
[Source "ChessBase"]
[SourceDate "2023.10.10"]
[SourceVersion "1"]
[SourceVersionDate "2023.10.10"]
[SourceQuality "1"]

1. d4 f5 2. Nc3 Nf6 3. Bg5 g6 4. Bxf6 exf6 5. e3 c6 6. Bd3 d5 7. Qf3 Bd6 8. Nge2 Be6 9. h4 h5 10. Nf4 Bf7 11. Nce2 Nd7 12. Ng3 Qa5+ 13. c3 0-0-0 14. 0-0 Nf8 15. b4 Qc7 16. b5 Bxf4 17. exf4 c5 18. dxc5 Qxc5 19. Rfc1 Kb8 20. Ne2 Ne6 21. a4 Qc7 22. a5 Rd6 23. b6 axb6 24. a6 bxa6 25. Rxa6 Nc5 26. Ra3 Be8 27. Rca1 Bc6 28. Nd4 Bb7 29. Nb5 Qd7 30. Nxd6 Qxd6 31. Qe3 Qd7 32. Qd4 Qc6 33. Be2 Re8 34. Bf3 Ne4 35. Bd1 Nc5 36. Bf3 Ne4 37. Rb1 Nc5 38. c4 Rd8 39. Bxd5 Qd6 40. Rba1 Kc7 41. Re3 Ne6 1-0

[Event "ESP-ch FEDC 28th"]
[Site "Ubeda"]
[Date "2019.11.23"]
[Round "5"]
[White "Quintero Gemio, Antonio J"]
[Black "Morales Rubiella, Albert"]
[Result "1-0"]
[WhiteElo "1695"]
[BlackElo "1384"]
[PlyCount "35"]
[EventDate "2019.11.19"]
[EventType "swiss"]
[EventRounds "8"]
[EventCountry "ESP"]
[SourceTitle "EXT 2024"]
[Source "ChessBase"]
[SourceDate "2023.10.10"]
[SourceVersion "1"]
[SourceVersionDate "2023.10.10"]
[SourceQuality "1"]

1. d4 d5 2. e3 Nf6 3. Nf3 c5 4. b3 Nc6 5. Bb2 Bg4 6. Be2 e6 7. Nbd2 cxd4 8. exd4 Bd6 9. 0-0 0-0 10. Ne5 Bxe2 11. Qxe2 Nd7 12. f4 Re8 13. Qh5 Re7 14. Rf3 f6 15. Rh3 g6 16. Nxg6 hxg6 17. Qh8+ Kf7 18. Rh7# 1-0

[Event "ESP-ch FEDC 28th"]
[Site "Ubeda"]
[Date "2019.11.22"]
[Round "4"]
[White "San Juan Santin, Aaron"]
[Black "Quintero Gemio, Antonio J"]
[Result "1/2-1/2"]
[WhiteElo "1477"]
[BlackElo "1695"]
[PlyCount "88"]
[EventDate "2019.11.19"]
[EventType "swiss"]
[EventRounds "8"]
[EventCountry "ESP"]
[SourceTitle "EXT 2024"]
[Source "ChessBase"]
[SourceDate "2023.10.10"]
[SourceVersion "1"]
[SourceVersionDate "2023.10.10"]
[SourceQuality "1"]

1. e4 e5 2. Bc4 Nf6 3. d3 c6 4. Nf3 Be7 5. 0-0 d6 6. Nbd2 0-0 7. Re1 Re8 8. Bb3 Bf8 9. Nf1 Na6 10. c3 Bg4 11. h3 Bh5 12. Ng3 Bg6 13. Nh4 Nxe4 14. Nxg6 hxg6 15. dxe4 Nc5 16. Be3 Nd7 17. Qd2 Nf6 18. Rad1 Qc7 19. f3 Rad8 20. Qf2 b6 21. Rd2 Be7 22. Red1 Rf8 23. Qe2 Nh7 24. Rf1 Bh4 25. Bf2 Qe7 26. Nh1 Bg5 27. Be3 Bh6 28. Bxh6 gxh6 29. Qe3 Kg7 30. Nf2 h5 31. Nd3 c5 32. Rfd1 Ng5 33. Nc1 b5 34. c4 b4 35. Rd5 Ne6 36. Ne2 Nc7 37. R5d3 Ne6 38. Qd2 Nd4 39. Nxd4 exd4 40. Re1 f6 41. Qe2 Qd7 42. Qc2 Qf7 43. Qe2 Rfe8 44. Rd2 Re7 1/2-1/2

[Event "ESP-ch FEDC 28th"]
[Site "Ubeda"]
[Date "2019.11.20"]
[Round "2"]
[White "Rubio Mancebon, Pedro Jose"]
[Black "Quintero Gemio, Antonio J"]
[Result "1-0"]
[WhiteElo "1822"]
[BlackElo "1695"]
[PlyCount "92"]
[EventDate "2019.11.19"]
[EventType "swiss"]
[EventRounds "8"]
[EventCountry "ESP"]
[SourceTitle "EXT 2024"]
[Source "ChessBase"]
[SourceDate "2023.10.10"]
[SourceVersion "1"]
[SourceVersionDate "2023.10.10"]
[SourceQuality "1"]

1. d4 Nf6 2. Nf3 e6 3. c4 c5 4. d5 d6 5. Nc3 exd5 6. cxd5 g6 7. e4 Bg7 8. Be2 0-0 9. Nd2 Re8 10. 0-0 Na6 11. Re1 Nc7 12. a4 b6 13. f3 Ba6 14. Nc4 Bxc4 15. Bxc4 a6 16. Bf1 Nd7 17. Be3 Rb8 18. Qd2 Qf6 19. Ra3 h5 20. Rb1 h4 21. h3 b5 22. axb5 axb5 23. Ra7 Qd8 24. b4 c4 25. Ne2 Nb6 26. Nd4 Qc8 27. Rba1 Na4 28. Bxc4 Ra8 29. Rxa8 Nxa8 30. Bxb5 N4b6 31. Rc1 Qd8 32. Bxe8 Qxe8 33. Nc6 Nd7 34. Bd4 Nab6 35. Bxg7 Kxg7 36. Qg5 Nf6 37. Qxh4 Nbxd5 38. Qe1 Nf4 39. Qd1 Qa8 40. Kh2 Qa2 41. Qc2 Qe6 42. b5 Nd7 43. Qc3+ Kh7 44. Rd1 Nb6 45. Nb4 Ne2 46. Qb2 Nf4 1-0

[Event "ESP-ch FEDC 28th"]
[Site "Ubeda"]
[Date "2019.11.19"]
[Round "1"]
[White "Quintero Gemio, Antonio J"]
[Black "Calvente Aldehuela, Antonia"]
[Result "1-0"]
[WhiteElo "1695"]
[BlackElo "1268"]
[PlyCount "45"]
[EventDate "2019.11.19"]
[EventType "swiss"]
[EventRounds "8"]
[EventCountry "ESP"]
[SourceTitle "EXT 2024"]
[Source "ChessBase"]
[SourceDate "2023.10.10"]
[SourceVersion "1"]
[SourceVersionDate "2023.10.10"]
[SourceQuality "1"]

1. d4 d5 2. Nf3 Nf6 3. e3 c6 4. Bd3 e6 5. 0-0 Be7 6. b3 0-0 7. Bb2 Nbd7 8. Nbd2 c5 9. c4 b6 10. Ne5 Nxe5 11. dxe5 Nd7 12. Qh5 g6 13. Qh3 Qc7 14. f4 a5 15. Nf3 Ba6 16. Rad1 Rab8 17. cxd5 Bxd3 18. Rxd3 exd5 19. f5 c4 20. bxc4 dxc4 21. f6 cxd3 22. Qh6 Bxf6 23. exf6 1-0

[Event "ESP-ch FEDC 27th"]
[Site "Almunecar"]
[Date "2018.12.02"]
[Round "7"]
[White "Quintero Gemio, Antonio J"]
[Black "Lago Carballo, Carmen"]
[Result "1-0"]
[WhiteElo "1715"]
[BlackElo "1365"]
[PlyCount "81"]
[EventDate "2018.11.26"]
[EventType "swiss"]
[EventRounds "8"]
[EventCountry "ESP"]
[SourceTitle "EXT 2024"]
[Source "ChessBase"]
[SourceDate "2023.10.10"]
[SourceVersion "1"]
[SourceVersionDate "2023.10.10"]
[SourceQuality "1"]

1. e4 d5 2. exd5 Qxd5 3. Nc3 Qa5 4. g3 c6 5. Bg2 Bf5 6. Nge2 e6 7. 0-0 Nf6 8. d3 Nbd7 9. Bd2 Qc7 10. Rb1 Bd6 11. b4 a6 12. a4 Rb8 13. b5 axb5 14. axb5 c5 15. b6 Nxb6 16. Nb5 Qd8 17. Ba5 Be7 18. Na3 Nfd7 19. Nc4 Qc8 20. Nxb6 Nxb6 21. Bxb6 Ra8 22. Ra1 Ra6 23. Rxa6 bxa6 24. Qa1 0-0 25. Nf4 Bf6 26. Qa5 e5 27. Nd5 Bd8 28. Bxd8 Qxd8 29. Qxd8 Rxd8 30. Ne7+ Kf8 31. Nxf5 c4 32. dxc4 g6 33. Ne3 f5 34. Ra1 f4 35. gxf4 exf4 36. Nd5 g5 37. Rxa6 Kg7 38. h4 h6 39. h5 Kf7 40. Rxh6 Rc8 41. Bf1 1-0

[Event "ESP-ch FEDC 27th"]
[Site "Almunecar"]
[Date "2018.11.26"]
[Round "1"]
[White "Quintero Gemio, Antonio J"]
[Black "Menendez Alvarez, Antonio"]
[Result "1-0"]
[WhiteElo "1715"]
[BlackElo "1208"]
[PlyCount "37"]
[EventDate "2018.11.26"]
[EventType "swiss"]
[EventRounds "8"]
[EventCountry "ESP"]
[SourceTitle "EXT 2024"]
[Source "ChessBase"]
[SourceDate "2023.10.10"]
[SourceVersion "1"]
[SourceVersionDate "2023.10.10"]
[SourceQuality "1"]

1. e4 e5 2. Nf3 Nc6 3. Bb5 Nf6 4. Bxc6 dxc6 5. d3 Bg4 6. h3 Bxf3 7. Qxf3 Bd6 8. Be3 Qe7 9. Nd2 Nd7 10. Nc4 c5 11. Qg3 f6 12. Bd2 0-0-0 13. Ne3 Nb6 14. 0-0 g6 15. Ba5 Na4 16. b3 Nb6 17. Bxb6 cxb6 18. a3 Kb8 19. Nd5 1-0

[Event "Almunecar FEDC op 21th"]
[Site "Almunecar"]
[Date "2018.10.07"]
[Round "6"]
[White "Quintero Gemio, Antonio J"]
[Black "Menendez Solar, Jose Carlos"]
[Result "0-1"]
[WhiteElo "1718"]
[BlackElo "1809"]
[PlyCount "72"]
[EventDate "2018.10.02"]
[EventType "swiss"]
[EventRounds "7"]
[EventCountry "ESP"]
[SourceTitle "EXT 2024"]
[Source "ChessBase"]
[SourceDate "2023.10.10"]
[SourceVersion "1"]
[SourceVersionDate "2023.10.10"]
[SourceQuality "1"]

1. e4 e6 2. d3 g6 3. g3 Bg7 4. Bg2 c5 5. Nf3 Nc6 6. 0-0 Nge7 7. Re1 d6 8. c3 e5 9. Nbd2 0-0 10. a4 a6 11. h3 Kh8 12. g4 f5 13. exf5 gxf5 14. gxf5 Bxf5 15. Ne4 Qd7 16. Kh2 Ng6 17. Ng3 Rae8 18. Be3 Bf6 19. Nh5 Bxd3 20. Bh6 e4 21. Bxf8 Rxf8 22. Nxf6 Rxf6 23. Nd2 Rxf2 24. Nxe4 Bxe4 25. Rxe4 Nf4 26. Rxf4 Rxf4 27. Qe2 Qf7 28. Qd3 Rf2 29. Rf1 Rxf1 30. Bxf1 Ne5 31. Qe2 Qf4+ 32. Kg2 Qxa4 33. Kg3 Qe8 34. Bg2 Qf7 35. Qe4 Ng6 36. Qxb7 Qf4# 0-1

[Event "Almunecar FEDC op 21th"]
[Site "Almunecar"]
[Date "2018.10.06"]
[Round "5"]
[White "Martinez Morina, Manel"]
[Black "Quintero Gemio, Antonio J"]
[Result "0-1"]
[WhiteElo "1632"]
[BlackElo "1718"]
[PlyCount "44"]
[EventDate "2018.10.02"]
[EventType "swiss"]
[EventRounds "7"]
[EventCountry "ESP"]
[SourceTitle "EXT 2024"]
[Source "ChessBase"]
[SourceDate "2023.10.10"]
[SourceVersion "1"]
[SourceVersionDate "2023.10.10"]
[SourceQuality "1"]

1. e4 c5 2. Nc3 e6 3. f4 Nc6 4. Bb5 Nge7 5. Nf3 a6 6. Bxc6 Nxc6 7. 0-0 Qc7 8. d3 Be7 9. Kh1 b5 10. Be3 Bb7 11. Qe1 0-0-0 12. Ne2 h6 13. c4 b4 14. Nd2 g5 15. f5 Ne5 16. Nc1 Ng4 17. Bg1 Bd6 18. g3 h5 19. Qe2 Be5 20. Nf3 exf5 21. Nxe5 Qxe5 22. Rxf5 Qxf5 0-1

[Event "ESP-ch FEDC 26th"]
[Site "Ciudad Real"]
[Date "2017.11.19"]
[Round "8.9"]
[White "Megias Gonzalez, Javier"]
[Black "Quintero Gemio, Antonio J"]
[Result "0-1"]
[WhiteElo "1843"]
[BlackElo "1750"]
[PlyCount "84"]
[EventDate "2017.11.12"]
[EventType "swiss"]
[EventRounds "8"]
[EventCountry "ESP"]
[SourceTitle "EXT 2024"]
[Source "ChessBase"]
[SourceDate "2023.10.10"]
[SourceVersion "1"]
[SourceVersionDate "2023.10.10"]
[SourceQuality "1"]

1. e4 c5 2. Nf3 e6 3. d4 cxd4 4. c3 dxc3 5. Nxc3 Nc6 6. Bc4 a6 7. 0-0 Be7 8. Qe2 Qc7 9. e5 b5 10. Bb3 Bb7 11. Bf4 Nh6 12. Rac1 Nf5 13. Rfd1 Rd8 14. Ne4 Qb8 15. g4 d5 16. exd6 Nxd6 17. Nc5 Qa8 18. Bxe6 0-0 19. Nxb7 Qxb7 20. Bd5 Nc4 21. b3 N4a5 22. Be4 Rxd1+ 23. Rxd1 Qc8 24. Bf5 Qa8 25. Qc2 Nb4 26. Bxh7+ Kh8 27. Qe4 Qxe4 28. Bxe4 Nxa2 29. Ne5 Nc3 30. Re1 Nxe4 31. Rxe4 Nxb3 32. Be3 Bc5 33. Nd7 Rc8 34. g5 Bxe3 35. Rxe3 Nd4 36. f4 b4 37. Re4 Nc2 38. f5 b3 39. g6 f6 40. Nb6 Rd8 41. Nd5 Kg8 42. Re7 Nd4 0-1

[Event "ESP-ch FEDC 26th"]
[Site "Ciudad Real"]
[Date "2017.11.17"]
[Round "6.15"]
[White "Gonzalez Acosta, Francisco"]
[Black "Quintero Gemio, Antonio J"]
[Result "0-1"]
[WhiteElo "1558"]
[BlackElo "1750"]
[PlyCount "96"]
[EventDate "2017.11.12"]
[EventType "swiss"]
[EventRounds "8"]
[EventCountry "ESP"]
[SourceTitle "EXT 2024"]
[Source "ChessBase"]
[SourceDate "2023.10.10"]
[SourceVersion "1"]
[SourceVersionDate "2023.10.10"]
[SourceQuality "1"]

1. c4 c5 2. Nc3 e6 3. g3 Nc6 4. Bg2 Nf6 5. Nf3 Be7 6. 0-0 0-0 7. e3 d5 8. cxd5 exd5 9. d4 b6 10. Ne5 Bb7 11. b3 a6 12. Bb2 Qc7 13. Nxc6 Bxc6 14. Rc1 Qd7 15. Ne2 c4 16. Nf4 b5 17. Nh5 Rab8 18. Nxf6+ Bxf6 19. Qd2 a5 20. Qxa5 Ra8 21. Qc3 Rxa2 22. Ra1 Rfa8 23. Rxa2 Rxa2 24. Ra1 Rxa1+ 25. Bxa1 Be7 26. bxc4 bxc4 27. Qa5 Qb7 28. Bc3 f5 29. Bf1 Kf7 30. Kg2 g5 31. Be2 g4 32. Qa1 h5 33. Bd1 h4 34. Bc2 h3+ 35. Kg1 Ke6 36. Qb1 Qxb1+ 37. Bxb1 Ba4 38. Kf1 Bd1 39. Ke1 Bf3 40. Bc2 Be4 41. Bxe4 fxe4 42. Kd2 Ba3 43. Kc2 Kd7 44. Kb1 Kc6 45. Ka2 Bd6 46. Kb2 Kb5 47. Kc2 Ka4 48. Kb2 Bb4 0-1

[Event "ESP-ch FEDC 26th"]
[Site "Ciudad Real"]
[Date "2017.11.15"]
[Round "4.15"]
[White "Llaneras Henarejos, Miguel"]
[Black "Quintero Gemio, Antonio J"]
[Result "1/2-1/2"]
[WhiteElo "1689"]
[BlackElo "1750"]
[PlyCount "50"]
[EventDate "2017.11.12"]
[EventType "swiss"]
[EventRounds "8"]
[EventCountry "ESP"]
[SourceTitle "EXT 2024"]
[Source "ChessBase"]
[SourceDate "2023.10.10"]
[SourceVersion "1"]
[SourceVersionDate "2023.10.10"]
[SourceQuality "1"]

1. d4 Nf6 2. c4 e6 3. Nc3 Bb4 4. Qc2 0-0 5. e4 Bxc3+ 6. bxc3 d6 7. Nf3 h6 8. Bd3 Nbd7 9. 0-0 e5 10. Bb2 b6 11. Rad1 Bb7 12. Nd2 Re8 13. f4 Ng4 14. Rde1 c5 15. Qd1 Ngf6 16. Qf3 Rb8 17. g4 Rf8 18. Re2 Nh7 19. Rg2 f6 20. Qg3 Qe7 21. Nf3 g5 22. fxe5 fxe5 23. d5 Rf7 24. Bc1 Ndf8 25. h4 Rg7 1/2-1/2

[Event "ESP-ch FEDC 26th"]
[Site "Ciudad Real"]
[Date "2017.11.13"]
[Round "2.7"]
[White "Saez Gabikagogeaskoa, Oscar"]
[Black "Quintero Gemio, Antonio J"]
[Result "1-0"]
[WhiteElo "1946"]
[BlackElo "1750"]
[PlyCount "115"]
[EventDate "2017.11.12"]
[EventType "swiss"]
[EventRounds "8"]
[EventCountry "ESP"]
[SourceTitle "EXT 2024"]
[Source "ChessBase"]
[SourceDate "2023.10.10"]
[SourceVersion "1"]
[SourceVersionDate "2023.10.10"]
[SourceQuality "1"]

1. e4 c5 2. Nf3 e6 3. d4 cxd4 4. Nxd4 Nc6 5. Be3 Nf6 6. Nc3 Bb4 7. Nxc6 bxc6 8. Bd3 0-0 9. 0-0 e5 10. Bg5 Be7 11. Qe2 d6 12. Bc4 Qc7 13. Bb3 Bg4 14. f3 Be6 15. Rfd1 Rfd8 16. Kf1 h6 17. Bh4 Nh5 18. Bxe7 Qxe7 19. Bxe6 fxe6 20. Qc4 Rac8 21. Ne2 d5 22. exd5 exd5 23. Qg4 Qf7 24. Kg1 Nf6 25. Qf5 Re8 26. Ng3 g6 27. Qd3 h5 28. Rf1 Qg7 29. Rae1 Nd7 30. c4 Nb6 31. cxd5 cxd5 32. a4 Rcd8 33. a5 Nc4 34. b4 h4 35. Ne2 a6 36. Nc3 Qf7 37. Re2 Kg7 38. Rd1 Qa7+ 39. Kh1 d4 40. Ne4 Ne3 41. Rc1 Rc8 42. Rc5 Rxc5 43. Nxc5 Nf5 44. Qxa6 Qf7 45. Qd3 g5 46. a6 Ng3+ 47. hxg3 hxg3 48. Kg1 Qh5 49. Rc2 Qh2+ 50. Kf1 Qh1+ 51. Ke2 Qxg2+ 52. Kd1 Qg1+ 53. Kd2 Rh8 54. Ne6+ Kf6 55. Nxd4 exd4 56. Rc6+ Ke7 57. Qe4+ Kf7 58. Qe6+ 1-0

[Event "Almunecar FEDC op 19th"]
[Site "Almunecar"]
[Date "2017.10.06"]
[Round "7.4"]
[White "Quintero Gemio, Antonio J"]
[Black "Guillen Andreu, Francisco"]
[Result "1/2-1/2"]
[WhiteElo "1759"]
[BlackElo "1295"]
[PlyCount "73"]
[EventDate "2017.09.30"]
[EventType "swiss"]
[EventRounds "7"]
[EventCountry "ESP"]
[SourceTitle "EXT 2024"]
[Source "ChessBase"]
[SourceDate "2023.10.10"]
[SourceVersion "1"]
[SourceVersionDate "2023.10.10"]
[SourceQuality "1"]

1. e4 c6 2. d3 d5 3. Nd2 dxe4 4. dxe4 e5 5. g3 Nf6 6. Bg2 Bc5 7. Ngf3 Bg4 8. 0-0 Nbd7 9. Re1 0-0 10. c3 Bb6 11. Nc4 Bxf3 12. Qxf3 Qc7 13. h4 h5 14. Bg5 Ng4 15. Be3 Nxe3 16. Nxe3 Bxe3 17. Rxe3 Nf6 18. Rd1 Rad8 19. Red3 Rxd3 20. Qxd3 Re8 21. b4 Re7 22. Bh3 Ng4 23. Bxg4 hxg4 24. c4 Kf8 25. Qd8+ Qxd8 26. Rxd8+ Re8 27. Rd3 Ke7 28. Kg2 Rd8 29. Rxd8 Kxd8 30. f3 gxf3+ 31. Kxf3 Kd7 32. c5 b5 33. g4 f6 34. h5 Ke6 35. Kg3 Kf7 36. Kh4 g5+ 37. Kg3 1/2-1/2

[Event "Almunecar FEDC op 19th"]
[Site "Almunecar"]
[Date "2017.10.05"]
[Round "6.3"]
[White "Martinez Colomar, Alejandro"]
[Black "Quintero Gemio, Antonio J"]
[Result "1-0"]
[WhiteElo "1856"]
[BlackElo "1759"]
[PlyCount "93"]
[EventDate "2017.09.30"]
[EventType "swiss"]
[EventRounds "7"]
[EventCountry "ESP"]
[SourceTitle "EXT 2024"]
[Source "ChessBase"]
[SourceDate "2023.10.10"]
[SourceVersion "1"]
[SourceVersionDate "2023.10.10"]
[SourceQuality "1"]

1. c4 c5 2. Nc3 e6 3. g3 Nc6 4. Bg2 Nf6 5. e4 Be7 6. Nge2 a6 7. 0-0 0-0 8. d4 cxd4 9. Nxd4 Qc7 10. Be3 d6 11. Rc1 Bd7 12. b3 Rac8 13. Qe2 Qb8 14. Rfd1 Rfd8 15. h3 Nxd4 16. Bxd4 b5 17. e5 Ne8 18. exd6 Nxd6 19. c5 Nf5 20. Be5 Qa7 21. b4 Bf8 22. c6 Be8 23. Rxd8 Rxd8 24. a3 Bd6 25. Bxd6 Nxd6 26. Ne4 Nxe4 27. Qxe4 Qc7 28. Qh4 f6 29. Be4 h6 30. Bg2 Rd3 31. Qe4 Rd6 32. Qf4 e5 33. Qf3 Bf7 34. Qe3 Rd4 35. Kh2 Bc4 36. f4 Rd8 37. fxe5 fxe5 38. Qc5 Rd3 39. Rxc4 e4 40. Rc1 Qxg3+ 41. Kh1 Rd2 42. Qg1 Qc7 43. Qe1 Rd8 44. Qxe4 Kh8 45. Re1 Rg8 46. Qg6 Qf4 47. Be4 1-0

[Event "Almunecar FEDC op 19th"]
[Site "Almunecar"]
[Date "2017.10.02"]
[Round "3.5"]
[White "Quintero Gemio, Antonio J"]
[Black "Riutort Aguilar, Francisco"]
[Result "1-0"]
[WhiteElo "1759"]
[BlackElo "1526"]
[PlyCount "77"]
[EventDate "2017.09.30"]
[EventType "swiss"]
[EventRounds "7"]
[EventCountry "ESP"]
[SourceTitle "EXT 2024"]
[Source "ChessBase"]
[SourceDate "2023.10.10"]
[SourceVersion "1"]
[SourceVersionDate "2023.10.10"]
[SourceQuality "1"]

1. e4 c5 2. Nf3 Nc6 3. d3 d6 4. g3 Bg4 5. Bg2 Ne5 6. 0-0 Bxf3 7. Bxf3 Nxf3+ 8. Qxf3 Nf6 9. Nc3 e6 10. Re1 Be7 11. e5 dxe5 12. Rxe5 Nd7 13. Re1 Rb8 14. Bf4 e5 15. Bxe5 Nxe5 16. Rxe5 0-0 17. Rae1 Bd6 18. Rd5 Qb6 19. Rb1 Rbe8 20. Ne4 Be5 21. c4 a5 22. Nxc5 Re7 23. Nd7 Qb4 24. Nxf8 Kxf8 25. Rd8+ Re8 26. Rxe8+ Kxe8 27. b3 Bf6 28. Qe4+ Kf8 29. Qxh7 Qd2 30. Qh8+ Ke7 31. Qb8 Bd4 32. Qxb7+ Kf8 33. Qc8+ Ke7 34. Qc7+ Ke8 35. Qf4 Qxd3 36. Re1+ Kd7 37. Qxf7+ Kd6 38. Qd5+ Kc7 39. Re7+ 1-0

[Event "Almunecar FEDC op 19th"]
[Site "Almunecar"]
[Date "2017.10.01"]
[Round "2.6"]
[White "Martinez Lopez Cozar, Manuel"]
[Black "Quintero Gemio, Antonio J"]
[Result "1/2-1/2"]
[WhiteElo "1532"]
[BlackElo "1759"]
[PlyCount "50"]
[EventDate "2017.09.30"]
[EventType "swiss"]
[EventRounds "7"]
[EventCountry "ESP"]
[SourceTitle "EXT 2024"]
[Source "ChessBase"]
[SourceDate "2023.10.10"]
[SourceVersion "1"]
[SourceVersionDate "2023.10.10"]
[SourceQuality "1"]

1. d4 Nf6 2. c4 e6 3. a3 Be7 4. Nc3 d5 5. e3 0-0 6. Nf3 b6 7. Be2 Bb7 8. 0-0 Nbd7 9. b3 a6 10. Bb2 c5 11. cxd5 Nxd5 12. Bd3 cxd4 13. Nxd5 Bxd5 14. Bxd4 Nc5 15. Bxc5 Bxc5 16. b4 Be7 17. Rc1 Bxf3 18. gxf3 g6 19. Qe2 a5 20. Rb1 axb4 21. axb4 Bd6 22. f4 Qe7 23. b5 Ra3 24. Be4 Rc8 25. Bc6 Bc5 1/2-1/2